000 00328nab a22001097u 4500
008 130520b1986 xxu||||| |||| 00| 0 fre d
041 _afre
100 1 _aCostes, André
_955803
245 0 0 _aL'Eglise catholique devanr l'immigration
_cAndré Costes
773 0 _tÉtudes
_gnº1,1986,págs. 87-102
_x0014-1941
_wRev203
942 _cAR
999 _c315412
_d315412